Tendencie na medzinárodných OTC devízových trhoch a slovenský devízový trh

Analýza súčasných vývojových tendencií na medzinárodných OTC trhoch na základe údajov o objemoch obchodov, menovej štruktúre, teritoriálneho rozloženia obchodov a druhov obchodov na OTC trhoch. Dôraz je kladený na tradičné druhy devízových obchodov, a to na spotové obchody, swapové obchody a forward...

Full description

Saved in:
Bibliographic Details
Main Author: Jankovská, Anežka
Other Authors: Makúch, Miroslav, 1981-
Format: Book Chapter
Language:Slovak
Subjects:
Tags: Add Tag
No Tags, Be the first to tag this record!

MARC

LEADER 00000naa$a2200000$$$4500
001 0053087
005 20240502071620.1
041 0 |a slo 
044 |a SK 
245 1 0 |a Tendencie na medzinárodných OTC devízových trhoch a slovenský devízový trh  |c Anežka Jankovská, Miroslav Makúch 
520 |a Analýza súčasných vývojových tendencií na medzinárodných OTC trhoch na základe údajov o objemoch obchodov, menovej štruktúre, teritoriálneho rozloženia obchodov a druhov obchodov na OTC trhoch. Dôraz je kladený na tradičné druhy devízových obchodov, a to na spotové obchody, swapové obchody a forwardové obchody. Celkový objem a štruktúra derivátových obchodov na OTC trhoch. Vývoj devízového trhu na Slovensku a porovnanie s celosvetovými tendenciami. 
610 2 0 |a trh devízový 
610 2 0 |a Slovensko 
610 2 0 |a obchod medzinárodný 
610 2 0 |a deriváty 
610 2 0 |a obchody burzové 
610 2 0 |a spot 
610 2 0 |a forwardy 
610 2 0 |a porovnanie medzinárodné 
610 2 0 |a swap 
100 1 |a Jankovská, Anežka 
700 1 |a Makúch, Miroslav, 1981-